000 01381nam a2200361Ia 4500
001 ebr10150441
003 CaPaEBR
006 m u
007 cr cn|||||||||
008 050902s2006 nyuab sb 001 0 eng d
010 _z 2005053509
020 _z140398297X
020 _z1403968101 (alk. paper)
020 _z140396811X (alk. paper)
024 3 _z9781403968111
040 _aCaPaEBR
_cCaPaEBR
035 _a(OCoLC)567962810
050 1 4 _aLA1341
_b.S74 2006eb
082 0 4 _a370.95173
_222
100 1 _aSteiner-Khamsi, Gita.
245 1 0 _aEducational import
_h[electronic resource] :
_blocal encounters with global forces in Mongolia /
_cGita Steiner-Khamsi and Ines Stolpe.
250 _a1st ed.
260 _aNew York :
_bPalgrave Macmillan,
_c2006.
300 _aix, 246 p. :
_bill., maps.
504 _aIncludes bibliographical references (p. [217]-240) and index.
533 _aElectronic reproduction.
_bPalo Alto, Calif. :
_cebrary,
_d2009.
_nAvailable via World Wide Web.
_nAccess may be limited to ebrary affiliated libraries.
650 0 _aEducation
_zMongolia.
650 0 _aEducational change
_zMongolia.
655 7 _aElectronic books.
_2local
700 1 _aStolpe, Ines.
710 2 _aebrary, Inc.
856 4 0 _uhttp://site.ebrary.com/lib/rucke/Doc?id=10150441
_zAn electronic book accessible through the World Wide Web; click to view
999 _c202937
_d202937